Vamos a estudiar:estrategias para aprender a estudiar en el secundario / Nilda Guerrero y otros cuatro;coordinadora, Fela Tylbor (Registro nro. 21266)
[ vista simple ]
| 000 -LEADER | |
|---|---|
| fixed length control field | 00894nam a2200277Ia 4500 |
| 001 - CONTROL NUMBER | |
| control field | 19689 |
| 003 - CONTROL NUMBER IDENTIFIER | |
| control field | DO-CoUTE |
| 005 - DATE AND TIME OF LATEST TRANSACTION | |
| control field | 20260204212621.0 |
| 008 - FIXED-LENGTH DATA ELEMENTS--GENERAL INFORMATION | |
| fixed length control field | 220104s9999 dr 000 0 spa d |
| 020 ## - INTERNATIONAL STANDARD BOOK NUMBER | |
| International Standard Book Number | 978-987-538-427-9 |
| 040 ## - CATALOGING SOURCE | |
| Original cataloging agency | DO-CoUTE |
| Language of cataloging | spa |
| Transcribing agency | DO-CoUTE |
| 041 0# - LANGUAGE CODE | |
| Language code of text/sound track or separate title | spa |
| 082 ## - DEWEY DECIMAL CLASSIFICATION NUMBER | |
| Classification number | 371.3 G934v |
| 100 1# - MAIN ENTRY--PERSONAL NAME | |
| Personal name | Guerrero, Nilda |
| 245 10 - TITLE STATEMENT | |
| Title | Vamos a estudiar:estrategias para aprender a estudiar en el secundario / Nilda Guerrero y otros cuatro;coordinadora, Fela Tylbor |
| 260 ## - PUBLICATION, DISTRIBUTION, ETC. | |
| Place of publication, distribution, etc. | Buenos Aires, Argentina: Centro de Publicaciones Educativos y Material Didáctico |
| 300 ## - PHYSICAL DESCRIPTION | |
| Extent | 104 páginas |
| 650 #4 - SUBJECT ADDED ENTRY--TOPICAL TERM | |
| Topical term or geographic name entry element | Técnicas de Estudio |
| 700 1# - ADDED ENTRY--PERSONAL NAME | |
| Personal name | Koch, Eva Mariana |
| 700 1# - ADDED ENTRY--PERSONAL NAME | |
| Personal name | Laumann, Silvana |
| 700 1# - ADDED ENTRY--PERSONAL NAME | |
| Personal name | Molina, Adriana Elizabeth |
| 700 1# - ADDED ENTRY--PERSONAL NAME | |
| Personal name | Soledad Vertone, María |
| 942 ## - ADDED ENTRY ELEMENTS (KOHA) | |
| Source of classification or shelving scheme | Dewey Decimal Classification |
| Koha item type | Libros |
| Withdrawn status | Lost status | Source of classification or shelving scheme | Damaged status | Not for loan | Collection code | Home library | Current library | Date acquired | Inventory number | Total Checkouts | Full call number | Barcode | Date last seen | Copy number | Price effective from | Koha item type |
|---|---|---|---|---|---|---|---|---|---|---|---|---|---|---|---|---|
| Dewey Decimal Classification | Colección General | Biblioteca UTECO | Biblioteca UTECO | 01/02/2021 | 019603 | 371.3 G934v | 019603 | 03/30/2022 | Ej.1 | 01/03/2021 | Libros |
